Loading...
| Science - Chemistry | 1 | 3 | 0 | 0 | 45 | 38 | 81.75 | 2 | 4 | 14.05 | 30.00 |
| Science - Other | 0 | 4 | 0 | 2 | 40 | 79 | 92.25 | 0 | 3 | 10.64 | 20.00 |
| Science - Physics | 0 | 5 | 2 | 0 | 40 | 87 | 99.20 | 3 | 5 | 10.75 | 35.00 |
| Pop Culture | 0 | 1 | 0 | 1 | 10 | 142 | 142.00 | 0 | 1 | 0.23 | 16.67 |
| History - World | 0 | 1 | 0 | 0 | 10 | 108 | 108.00 | 0 | 1 | 1.87 | 4.55 |
| History - Other | 0 | 1 | 0 | 0 | 10 | 89 | 89.00 | 1 | 1 | 3.84 | 11.11 |
| History - American | 0 | 1 | 0 | 1 | 10 | 131 | 131.00 | 0 | 0 | 0.08 | 2.50 |
| Geography | 0 | 1 | 1 | 0 | 5 | 77 | 77.00 | 0 | 0 | 13.28 | 8.33 |
| Mythology | 0 | 1 | 1 | 0 | 5 | 74 | 74.00 | 1 | 1 | 5.15 | 11.11 |
| Science - Biology | 0 | 1 | 2 | 1 | 0 | 121 | 121.00 | 1 | 1 | 0.08 | 2.50 |
| Social Science | 0 | 0 | 1 | 0 | -5 | 0.00 | 0 | 0 | 0.00 | 0.00 |